000 01290naa a22003377a 4500
001 BR8707705
003 BR-BrBNA
005 20240918175903.0
007 ta
008 230509b bl.||||| |||| 00| 0 por d
040 _aBR-BrBNA
_bpor
_cBiblioteca Nacional de Agricultura
041 _a(Pt)
072 _aP11; P10
_b/G514
090 _aP11 BR8707705
100 1 _aValdivieso, C.R.
100 1 _aCordeiro, G.G.
100 1 _aPontes, P.D.
111 1 _a7. Congresso Nacional de Irrigacao e Drenagem
_cBrasilia, DF (Brazil)
_d21 Sep 1986
245 1 _aDrenagem subterranea no perimetro irrigado de Bebedouro. 1: Estudo do lencol freatico
246 1 _a[Subterranean drainage in Bebedouro. 1. study of groundwater]
246 1 _a[Annals of the 7th National Congress on Irrigation and Drainage]
260 3 _aBrasilia, DF (Brasil):
_c1986.
500 _aAnais do 7. Congresso Nacional de Irrigacao e Drenagem Brasilia, DF (Brasil): 1986. v. 2 p. 621-643 (BR8707705-AM)P11
650 _aDRENAGEM
650 _aLENCOL FREATICO
650 _aBEBEDOURO
650 _aPERNAMBUCO
773 0 _tAnais do 7. Congresso Nacional de Irrigacao e Drenagem
_wP11 BR8707705
_gBrasilia, DF (Brasil), 1986. v. 2 p. 621-643
909 _a202404
_bLucia
_c55
_dLucia Elande
942 _cAM
_2AGRIS
999 _c318610
_d318610